The political philosophy of Jawaharlal Nehru/ (Record no. 18425)

MARC details
000 -LEADER
fixed length control field 00792cam a22002651 4500
001 - CONTROL NUMBER
control field 7963345
003 - CONTROL NUMBER IDENTIFIER
control field BDDh-ASL
005 - DATE AND TIME OF LATEST TRANSACTION
control field 20231015025715.0
008 - FIXED-LENGTH DATA ELEMENTS--GENERAL INFORMATION
fixed length control field 800402s1961 enka b 001 0 eng
010 ## - LIBRARY OF CONGRESS CONTROL NUMBER
LC control number 61003771
015 ## - NATIONAL BIBLIOGRAPHY NUMBER
National bibliography number GB61-7982
035 ## - SYSTEM CONTROL NUMBER
System control number (OCoLC)6160363
040 ## - CATALOGING SOURCE
Original cataloging agency DLC
Transcribing agency NNSU-MC
Modifying agency BDDh-ASL
-- DLC
042 ## - AUTHENTICATION CODE
Authentication code premarc
050 00 - LIBRARY OF CONGRESS CALL NUMBER
Classification number DS481.N35
Item number D32
082 ## - DEWEY DECIMAL CLASSIFICATION NUMBER
Classification number 923.254
Item number DAP
100 1# - MAIN ENTRY--PERSONAL NAME
Personal name Das, Manmath Nath.
245 14 - TITLE STATEMENT
Title The political philosophy of Jawaharlal Nehru/
Statement of responsibility, etc. by M. N. Das.
260 ## - PUBLICATION, DISTRIBUTION, ETC.
Place of publication, distribution, etc. London:
Name of publisher, distributor, etc. G. Allen & Unwin,
Date of publication, distribution, etc. 1961.
300 ## - PHYSICAL DESCRIPTION
Extent 251 p. :
Other physical details illus. ;
Dimensions 23 cm.
504 ## - BIBLIOGRAPHY, ETC. NOTE
Bibliography, etc. note Includes bibliographical references and index.
600 10 - SUBJECT ADDED ENTRY--PERSONAL NAME
Personal name Nehru, Jawaharlal,
Dates associated with a name 1889-1964.
906 ## - LOCAL DATA ELEMENT F, LDF (RLIN)
a 7
b cbc
c oclcrpl
d u
e ncip
f 19
g y-gencatlg
942 ## - ADDED ENTRY ELEMENTS (KOHA)
Source of classification or shelving scheme Dewey Decimal Classification
Koha item type Books
Holdings
Withdrawn status Lost status Source of classification or shelving scheme Damaged status Not for loan Collection code Home library Current library Shelving location Date acquired Source of acquisition Total Checkouts Full call number Barcode Date last seen Copy number Price effective from Koha item type Public note
    Dewey Decimal Classification   Not For Loan Non-fiction Asiatic Society Library Asiatic Society Library Harrison Collection 09/29/2020 Donated by Prof. John B. Harrison   923.254 DAP 101615 09/29/2020 C-1 09/29/2020 Books RARE

Powered by Koha